| 000 | 00421nam a22001577a 4500 | ||
|---|---|---|---|
| 003 | OSt | ||
| 005 | 20260121030541.0 | ||
| 008 | 260112b |||||||| |||| 00| 0 eng d | ||
| 040 |
_aDWC-Main Lib. _cOC |
||
| 082 | _aGr. 025.3 T212w 2000 | ||
| 110 | _a Time Life Asia | ||
| 245 |
_aTeaching good behaviour/ _cTime Life Asia |
||
| 260 | _bTime life asia | ||
| 300 |
_a92 p. : _bill. ; _c30 cm. |
||
| 942 |
_2ddc _cGR _hGr, _n0 |
||
| 999 |
_c7273 _d7273 |
||